000 00320 a2200145 4500
001 178536
020 _a
040 _cMagnum
100 _aJunqueira, Sonia
240 1 0 _aO peixinho que perdeu o inho
_lpor
245 1 0 _aO peixinho que perdeu o inho
362 0 _a1899
697 _aMAGNITO: I/ANIMAIS
942 _cBK
999 _c178536
_d178536